| 000 | 00885cam a22002891 4500 | ||
|---|---|---|---|
| 001 | 2997 | ||
| 003 | BD-RjUL | ||
| 005 | 20211208233645.0 | ||
| 008 | 160627t1960 enka b 001 0 eng d | ||
| 035 | _a(BD-RjUL)3025 | ||
| 035 | _a(OCoLC)882949 | ||
| 040 |
_aDLC _cOYU _dOCoLC _dUk _dDLC _dBD-RjUL _beng |
||
| 041 | _aeng | ||
| 082 |
_a330.904 _bCLC 1960 |
||
| 100 | 1 |
_aClark, Colin, _d1905- _98943 |
|
| 245 | 1 | 4 |
_aThe conditions of economic progress / _cColin Clark |
| 250 | _a3d ed., largely rewritten. | ||
| 260 |
_aLondon : _bMacmillan, _aNew York : _bSt. Martin's Press, _c1957[reprinted 1960]. |
||
| 300 |
_axv, 720 p. : _bill. ; _c22 cm. |
||
| 504 | _aIncludes index. | ||
| 504 | _aBibliography: p. 685-691. | ||
| 650 | 0 |
_aEconomic history. _99550 |
|
| 650 | 0 |
_aIncome. _99551 |
|
| 650 | 0 |
_aCost and standard of living. _99529 |
|
| 942 |
_2ddc _cBK |
||
| 999 |
_c2997 _d2997 |
||